Animales Que Mas Muertes Humanas Causan Al Año - Estadísticas

Estadísticas generales
  • Esta prueba ha sido intentada 476 veces
  • La puntuación promedio es 7 de 15
Estadísticas de respuestas
Número de Muertes Animal % Correcto
250 León
94%
1.000.000 Mosquito
91%
500 Hipopótamo
86%
100.000 Serpiente
81%
30.000 Perro
77%
500 Elefante
76%
1.000 Cocodrilo
72%
700 Escorpión
41%
100 Abeja
40%
100 Venado
16%
200 Búfalo
15%
20.000 Caracol
10%
10.000 Mosca Tsé - Tsé
5%
12.000 Chinche Assesino
4%
2.500 Lombriz Intestinal
1%
No se encontraron pruebas coincidentes
Distribución de puntuación
Porcentaje de gente con cada puntuación
Porcentaje por número respondido
Historial de tus puntuaciones
No has intentado esta prueba.